000 00870nam a2200253Ia 4500
003 EC-GqESP
005 20260119111132.0
008 250425s9999 xx 000 0 und d
010 _a53976
041 _aspa
043 _aec
082 _a658
100 _aAROSEMENA AROSEMENA, GUILLERMO
245 0 _aANALISIS DEL ENTORNO: LAS FUERZAS QUE AFECTAN A LAS EMPRESAS Y PROSPERIDAD DEL PAÍS
250 _a2A ED.
260 _aEcuador
_bESPOL
_c2005
260 _aGUAYAQUIL
300 _a295
520 _aEL ETORNO HACE LA DIFERECNIA ENTRE LA POBREZA Y RIQUEZA,ENTRE LA IGNORANCIA Y CONOCIMIENTO Y ENTRE LA INEFICIENCIA Y EFICIENCIA. PAÍSES CON ENTORNOS FAVORABLES A LAS ACTIVIDADES PRODUCTIVAS, SON MOTORES DE GENERACIÓN DE BIENESTAR Y CON ENTORNOS DES
650 _aEMPRESARIOS
650 _aENTORNO EMPRESARIAL
650 _aGERENCIA
942 _c01
999 _c223595
_d223595